000 00382nam a2200145Ia 4500
008 100122s9999 xx 000 0 und d
082 _b6715
_a823
100 _aमर्ढेकर बा सी
245 _aपाणी
260 _bयुगवाणी प्रकाशन
_c1948
300 _a128
630 _aपाणी
730 _aपाणी
942 _cBOOK
999 _c399666
_d399663